Carlos María de Bustamante. El Pensador mexicano (Record no. 244)

MARC details
000 -CABECERA
campo de control de longitud fija 01374nam a2200265 a 4500
001 - NÚMERO DE CONTROL
campo de control BRCA_302
005 - FECHA Y HORA DE LA ÚLTIMA TRANSACCIÓN
campo de control 20190320202943.0
008 - DATOS DE LONGITUD FIJA--INFORMACIÓN GENERAL
campo de control de longitud fija 920730r19871986mx-c---###---#000-0#spa-c
040 ## - FUENTE DE LA CATALOGACIÓN
Centro catalogador/agencia de origen TxU
Centro/agencia transcriptor TxU
Centro/agencia modificador DLC
050 #4 - SIGNATURA TOPOGRÁFICA DE LA BIBLIOTECA DEL CONGRESO
Número de clasificación F1232
Número de documento/Ítem .B98 1987
100 1# - ENTRADA PRINCIPAL--NOMBRE DE PERSONA
Nombre de persona Bustamante, Carlos María de
Fechas asociadas al nombre 1774-1848
9 (RLIN) 555
240 10 - TÍTULO UNIFORME
Título uniforme Juguetillo
245 10 - MENCIÓN DE TÍTULO
Título Carlos María de Bustamante. El Pensador mexicano
Mención de responsabilidad, etc. Joaquín Fernández de Lizardi.
260 ## - PUBLICACIÓN, DISTRIBUCIÓN, ETC.
Lugar de publicación, distribución, etc. México
Nombre del editor, distribuidor, etc. Centro de Estudios de Historia de México (Condumex)
Fecha de publicación, distribución, etc. 1987
300 ## - DESCRIPCIÓN FÍSICA
Extensión 4 v.
Otras características físicas il. ports.
Dimensiones 20 cm.
500 ## - NOTA GENERAL
Nota general El Pensador mexicano
500 ## - NOTA GENERAL
Nota general Facsímil de : 1986
505 0# - NOTA DE CONTENIDO CON FORMATO
Nota de contenido con formato Contenido : v. 1. Presentación / por Antonio Martínez Báez. Juguetillos, números 1 al 10. -- v. 2. El Pensador mexicano, tomo 1, números 1 al 13. Pensamiento extraordinario, números 1 a 4. -- v. 3. El Pensador mexicano, tomo II, números 1 a 18. 18 suplementos al tomo II. -- v. 4. El Pensador mexicano, tomo III, números 1 a 14. 9 suplementos al tomo III. Auto de inquisición
651 #4 - PUNTO DE ACCESO ADICIONAL DE MATERIA--NOMBRE GEOGRÁFICO
Nombre geográfico México
Subdivisión general Política y gobierno
Subdivisión cronológica 1810-1821
9 (RLIN) 1016
700 1# - PUNTO DE ACCESO ADICIONAL--NOMBRE DE PERSONA
Nombre de persona Fernández de Lizardi, José Joaquín
Fechas asociadas al nombre 1776-1827
Título de la obra Pensador mexicano
Fecha de publicación/de la obra 1987
9 (RLIN) 1017
700 1# - PUNTO DE ACCESO ADICIONAL--NOMBRE DE PERSONA
Nombre de persona Fernández de Lizardi, José Joaquín
Fechas asociadas al nombre 1776-1827
Título de la obra Pensamiento extraordinario
Fecha de publicación/de la obra 1987
9 (RLIN) 1018
740 0# - PUNTO DE ACCESO ADICIONAL--TÍTULO RELACIONADO O ANALÍTICO NO CONTROLADO
Título relacionado o analítico no controlado Juguetillo y el Pensador mexicano
740 0# - PUNTO DE ACCESO ADICIONAL--TÍTULO RELACIONADO O ANALÍTICO NO CONTROLADO
Título relacionado o analítico no controlado Pensador mexicano
942 ## - ELEMENTOS DE PUNTO DE ACCESO ADICIONAL (KOHA)
Fuente del sistema de clasificación o colocación Library of Congress Classification
Tipo de ítem Koha Libros
Holdings
Estado de retiro Estado de pérdida Estado dañado No para préstamo Localización permanente Ubicación/localización actual Fecha de adquisición Total de préstamos Signatura topográfica completa Código de barras Fecha visto por última vez Precio válido a partir de Tipo de ítem Koha Código de colección
El ejemplar forma parte de la colección y puede ser consultado según las políticas vigentes.       Biblioteca del Museo Franz Mayer (Rogerio Casas-Alatriste) Biblioteca del Museo Franz Mayer (Rogerio Casas-Alatriste) 25/06/2008   F1232 .B98 1987 00390 22/03/2019 22/03/2019 Libros  
El ejemplar forma parte de la colección y puede ser consultado según las políticas vigentes.       Biblioteca del Museo Franz Mayer (Rogerio Casas-Alatriste) Biblioteca del Museo Franz Mayer (Rogerio Casas-Alatriste) 20/09/2010   F1232 .B98 1987 00391 22/03/2019 22/03/2019 Libros Acervo General
El ejemplar forma parte de la colección y puede ser consultado según las políticas vigentes.       Biblioteca del Museo Franz Mayer (Rogerio Casas-Alatriste) Biblioteca del Museo Franz Mayer (Rogerio Casas-Alatriste) 01/10/2010   F1232 .B98 1987 00392 22/03/2019 22/03/2019 Libros Acervo General
El ejemplar forma parte de la colección y puede ser consultado según las políticas vigentes.       Biblioteca del Museo Franz Mayer (Rogerio Casas-Alatriste) Biblioteca del Museo Franz Mayer (Rogerio Casas-Alatriste) 01/10/2010   F1232 .B98 1987 00393 22/03/2019 22/03/2019 Libros Acervo General